000 00704cam a22002413a 4500
001 17517
003 PGUSA
005 20140828083355.0
008 060115s2006||||xxu|||||s|||||000 1 eng d
040 _aPGUSA
_beng
042 _adc
050 4 _aPQ
100 1 _aZola, Émile,
_d1840-1902
245 1 0 _aL'oeuvre
_h[electronic resource] /
_cÉmile Zola
260 _bProject Gutenberg,
_c2006
506 _aPublic domain in the USA.
516 _aElectronic text
653 _aParis (France) -- Intellectual life -- Fiction
653 _aImpressionist artists -- France -- Paris -- Fiction
830 0 _aProject Gutenberg
_v17517
856 4 0 _uhttp://www.gutenberg.org/ebooks/17517
942 _cEB
999 _c246772
_d246772